| 000 | 00473nam a2200145 a 4500 | ||
|---|---|---|---|
| 001 | 000015276 | ||
| 005 | 20200929164011.0 | ||
| 008 | 100204s2012 dr 000 0 spa d | ||
| 040 |
_aDO-SdBNP _bspa _cBNPHU |
||
| 100 | 1 |
_aCustodio, Roberto _d1970- _934554 |
|
| 245 | 1 | 0 |
_aBajo la luz de la palabra / _cRoberto Custodio. |
| 260 |
_aSanto Domingo : _bEdiciones Galaxia, _c2012. |
||
| 300 |
_a181 p. ; _c22 cm. |
||
| 500 | _aIncluye datos biográficos del autor en la contracubierta | ||
| 999 |
_c14842 _d14842 |
||